Operační systémy

Saved in:
Bibliographic Details
Main Author: Čada, Ondřej
Format: Book
Language:Czech
Published: Praha Grada 1994
Edition:1. vyd.
Subjects:
Tags: Add Tag
No Tags, Be the first to tag this record!

MARC

LEADER 00000nam a2200000 4500
001 c004611
005 20221205140904.1
020 |a 80-85623-44-7 
041 0 |a cze 
044 |a CZ 
245 1 0 |a Operační systémy  |c Ondřej Čada 
250 |a 1. vyd. 
264 1 |a Praha  |b Grada  |c 1994 
300 |a 377 s. 
610 2 0 |a systémy operačné 
610 2 0 |a softvér 
610 2 0 |a programy aplikačné 
610 2 0 |a pamäť počítača 
610 2 0 |a procesory 
610 2 0 |a zariadenia počítača periférne 
610 2 0 |a siete počítačové 
610 2 0 |a služby 
610 2 0 |a grafika počítačová 
100 1 |a Čada, Ondřej